000 00235as aa2200097a 44500
090 _aSERIADAS
_b00463
245 1 0 _aSystematic Biology
260 _bSociety of Systematic Biologists
_aEstados Unidos
041 0 _aInglés
942 _cREVISTA
999 _c17144
_d17144